PROBLÉMY VZDELÁVANIA NÁRODNOSTNÝCH MENŠÍN

Bibliographic Details
Main Author: Marcinková, Darina, 1935- (Author)
Format: Article
Language:Slovak
ISBN:8096733915

MARC

LEADER 00000naa a2200000uu 4500
001 vtls011079748
003 SK-MaSNL
005 20260302143252.0
008 210905|1995 xo |||||||||||||||||slo|
015 |a SNBRA 
035 |a (urnnbn)urn:nbn:sk:snk:ar-a0chhf 
035 |a (uuid)9c800e0d-40dc-4a53-a0c5-d776934c2c1a 
035 |a urn:nbn:sk:snk-aavnj2 
040 |a SNKBUCL  |b slo  |c SNKBUCL  |e AACR2 
041 0 |a slo 
044 |a xo  |c SK 
100 1 |a Marcinková, Darina,  |d 1935-  |4 aut  |9 9044 
245 1 0 |a PROBLÉMY VZDELÁVANIA NÁRODNOSTNÝCH MENŠÍN  |c Darina Marcinková 
773 0 |t Technológie vzdelávania tretieho tisícročia  |d Nitra : SlovDidac, 1995  |g S. 401-407  |z 8096733915 
958 |a OND 
958 |a article12 
958 |a chapter 
999 |c 1343521  |d 1345451